Science Quiz

Random Science or Animal Quiz

Furry Friendly Animal Pals! Quiz Stats

Quiz Updated Sep 2, 2017

Also try: Moms in the Wild
Challenge
Share
Tweet
Score 0/28 Timer 08:00
9 Plays Today
% Correct
Deer
99.5%
Dogs
98.6%
Black-Headed Spider Monkey
97.7%
Rabbit
97.5%
Cat
97.3%
Chicken
95.2%
Ducks
94.6%
American Crocodile
93.8%
Beaver
93.5%
Pony
91.5%
Sheep
90.8%
Humboldt Penguin
90.7%
Turtle
90.2%
Giant Anteater
89.7%
% Correct
Rhea
89%
Human
86.2%
Cow
85%
Rat
84.8%
Guanaco
84.5%
Emus
84%
Squirrel Monkey
83.8%
Guinea Pig
82.6%
Great White Pelican
80.8%
Gazelles
77.7%
Wood Stork
46.4%
Brazilian Tapir
43.9%
Cattle Egret
43.1%
Patagonian Mara
24.7%

You're not logged in!

Compare scores with friends on all Sporcle quizzes.
Join for Free
OR
Log In

You Might Also Like...

Show Comments

Extras

Top Quizzes Today


Score Distribution

Your Account Isn't Verified!

In order to create a playlist on Sporcle, you need to verify the email address you used during registration. Go to your Sporcle Settings to finish the process.

Report this User

Report this user for behavior that violates our Community Guidelines.

Details: